000 00284nam a22001337a 4500
008 211020b ||||| |||| 00| 0 eng d
041 _aeng
080 _a521
082 _a521
100 _a42
101 _aAST
245 _aAsimov's Guide to Science
_cAsimow,I
942 _2udc
_cBK
999 _c58311
_d58311